Standard system of measuring builders` work in South Africa (Record no. 87317)

MARC details
000 -LEADER
fixed length control field 00557cam a2200193 4500
001 - CONTROL NUMBER
control field D8860
008 - FIXED-LENGTH DATA ELEMENTS--GENERAL INFORMATION
fixed length control field 090401t1913 xxu||||| |||| 00| 0 eng d
035 ## - SYSTEM CONTROL NUMBER
System control number (Sirsi) u15843
041 ## - LANGUAGE CODE
Language code of text/sound track or separate title eng
050 ## - LIBRARY OF CONGRESS CALL NUMBER
Classification number 692.30968
110 ## - MAIN ENTRY--CORPORATE NAME
Corporate name or jurisdiction name as entry element South African Institute of Quantity Surveyors
9 (RLIN) 3090
245 ## - TITLE STATEMENT
Title Standard system of measuring builders` work in South Africa
260 ## - PUBLICATION, DISTRIBUTION, ETC.
Place of publication, distribution, etc. Johannesburg
Name of publisher, distributor, etc. South African Institute of Quantity Surv
Date of publication, distribution, etc. 1913
300 ## - PHYSICAL DESCRIPTION
Extent xv. 70p. 25cm
350 ## - PRICE (NR) (BK AM CF MU VM SE) [OBSOLETE]
Price 0.38
520 ## - SUMMARY, ETC.
Summary, etc. Filed at SMM 1913/1B
942 ## - ADDED ENTRY ELEMENTS (KOHA)
Suppress in OPAC 0
948 ## - LOCAL PROCESSING INFORMATION (OCLC); SERIES PART DESIGNATOR (RLIN)
c (OCLC) 04/03/1997
Holdings
Withdrawn status Lost status Source of classification or shelving scheme Damaged status Not for loan Home library Current library Shelving location Date acquired Cost, normal purchase price Total Checkouts Full call number Barcode Date last seen Copy number Cost, replacement price Price effective from Koha item type
    Other/Generic Classification Scheme     London London Boxed set 09/01/1992 0.38   SMM 1913/1 30032129 06/08/2019 1 0.38 06/08/2019 Book
    Other/Generic Classification Scheme     London London Boxed set 09/01/1992 0.38   SMM 1913/1 30032133 06/08/2019 2 0.38 06/08/2019 Reference material